Statistics for Countries Closest to Senegal by First Two Letters

Click here to take the quiz!

General Stats

  • This quiz has been taken 109 times
  • The average score is 16 of 20

Answer Stats

kmcountrymiles% Correct
0Mali0
99%
0Mauritania0
99%
0Guinea0
91%
0Guinea-Bissau0
91%
452Liberia281
90%
1233Morocco766
90%
0Gambia0
87%
938Ghana583
85%
1257Niger781
85%
1591Nigeria989
85%
262Sierra Leone163
85%
1231Togo765
85%
1317Algeria818
84%
442Côte d'Ivoire275
81%
658Burkina Faso409
80%
571Cabo Verde355
79%
1340Benin832
78%
479Western Sahara298
59%
1231Spain765
43%
1787Portugal1110
36%

Score Distribution

Percentile by Number Answered

Percent of People with Each Score

Your Score History

You have not taken this quiz